Địa lí kinh tế Việt Nam
vv
Đã lưu trong:
| Tác giả chính: | |
|---|---|
| Định dạng: | Sách |
| Năm xuất bản: |
H.
Giáo dục
1997
|
| Chủ đề: | |
| Tags: |
Thêm thẻ
Không có thẻ, Hãy là người đầu tiên gắn thẻ bản ghi này!
|
| LEADER | 01567nam a2200229 4500 | ||
|---|---|---|---|
| 082 | |a 330.9597 |b NG527QU | ||
| 100 | |a Nguyễn Quang Thái | ||
| 245 | |a Địa lí kinh tế Việt Nam |c Nguyễn Quang Thái | ||
| 260 | |a H. |b Giáo dục |c 1997 | ||
| 300 | |a 199tr. |c 20cm | ||
| 520 | |a vv | ||
| 653 | |a Kinh tế | ||
| 653 | |a Địa lí kinh tế | ||
| 653 | |a Việt Nam | ||
| 942 | |2 ddc |c STK0 | ||
| 999 | |c 1352 |d 1352 | ||
| 952 | |0 0 |1 0 |2 ddc |4 0 |6 330_959700000000000_NG527QU |7 1 |8 300 |9 24926 |a qbu |b qbu |c D2 |d 2014-12-08 |g 15000 |o 330.9597 NG527QU |p 4530.C1 |r 0000-00-00 |w 2014-12-08 |y STK0 |0 0 |6 330_959700000000000_NG527QU | ||
| 952 | |0 0 |1 0 |2 ddc |4 0 |6 330_959700000000000_NG527QU |7 0 |8 300 |9 24927 |a qbu |b qbu |c D2 |d 2014-12-08 |g 15000 |o 330.9597 NG527QU |p 4530.C2 |r 0000-00-00 |w 2014-12-08 |y STK0 |0 0 |6 330_959700000000000_NG527QU | ||
| 952 | |0 0 |1 0 |2 ddc |4 0 |6 330_959700000000000_NG527QU |7 0 |8 300 |9 24928 |a qbu |b qbu |c D2 |d 2014-12-08 |g 15000 |o 330.9597 NG527QU |p 4530.C3 |r 0000-00-00 |w 2014-12-08 |y STK0 |0 0 |6 330_959700000000000_NG527QU | ||
| 952 | |0 0 |1 0 |2 ddc |4 0 |6 330_959700000000000_NG527QU |7 0 |8 300 |9 24929 |a qbu |b qbu |c D2 |d 2014-12-08 |g 15000 |o 330.9597 NG527QU |p 4530.C4 |r 0000-00-00 |w 2014-12-08 |y STK0 |0 0 |6 330_959700000000000_NG527QU | ||
| 952 | |0 0 |1 0 |2 ddc |4 0 |6 330_959700000000000_NG527QU |7 0 |8 300 |9 24930 |a qbu |b qbu |c D2 |d 2014-12-08 |g 15000 |o 330.9597 NG527QU |p 4530.C5 |r 0000-00-00 |w 2014-12-08 |y STK0 |0 0 |6 330_959700000000000_NG527QU | ||
| 952 | |0 0 |1 0 |2 ddc |4 0 |6 330_959700000000000_NG527QU |7 0 |8 300 |9 24931 |a qbu |b qbu |c D2 |d 2014-12-08 |g 15000 |o 330.9597 NG527QU |p 4530.C6 |r 0000-00-00 |w 2014-12-08 |y STK0 |0 0 |6 330_959700000000000_NG527QU | ||